Countries within 500km of Slovakia - Statistics

General Stats
  • This quiz has been taken 40 times
  • The average score is 15 of 15
Answers on the Map
Answers color-coded by a green-red scale on the quiz's map according to % correct below.
 
Answer Stats
Answer % Correct
Austria
100%
Belarus
100%
Czech Republic
100%
Germany
100%
Hungary
100%
Moldova
100%
Poland
100%
Romania
100%
Slovenia
100%
Ukraine
100%
Bosnia andHerzegovina
97%
Croatia
97%
Serbia
97%
Italy
95%
Montenegro
92%
No matching quizzes found
Score Distribution
Percent of People with Each Score
Percentile by Number Answered
Your Score History
You have not taken this quiz